| 000 | 00674cab a2200217 4500 | ||
|---|---|---|---|
| 001 | WB2913-51 | ||
| 008 | 090401t xxu||||| |||| 00| 0 eng d | ||
| 035 | _a(Sirsi) u41388 | ||
| 041 | _aeng | ||
| 245 | _aAuction paperwork | ||
| 260 | _c(PR70/93) 31 March 1993(2) | ||
| 350 | _a0 | ||
| 490 |
_aRICS Press Release _v(PR70/93) 31 March 1993(2) |
||
| 520 | _aA new model entry form for livestock vendors has been prepared by the RICS, the aim is to make pre-auction paperwork much easier for the farmer. | ||
| 650 | _aBEEF SPECIAL PREMIUM SCHEME | ||
| 650 | _aCATTLE | ||
| 650 | _aLIVESTOCK AUCTIONS | ||
| 690 | _aRURAL PRACTICE | ||
| 942 | _n0 | ||
| 948 | _c04/03/1997 | ||
| 999 |
_c26605 _d26605 |
||